Identidad profesional e institucionalización de la psicología en Costa Rica: crítica e interpretación histórica
Sparad:
| Huvudupphovsmän: | , , |
|---|---|
| Materialtyp: | Okänd |
| Publicerad: |
San José, Costa Rica:
Editorial de la Universidad de Costa Rica,
|
| Ämnen: | |
| Taggar: |
Lägg till en tagg
Inga taggar, Lägg till första taggen!
|
MARC
| LEADER | 000000000a22000000004500 | ||
|---|---|---|---|
| 001 | 000285 | ||
| 022 | |a 0482-5276 | ||
| 100 | 1 | |a Campos Ramírez, Domingo | |
| 100 | 1 | |a Pérez, Rolando | |
| 100 | 1 | |a Rosabal Coto, Mariano | |
| 245 | 1 | 0 | |a Identidad profesional e institucionalización de la psicología en Costa Rica: crítica e interpretación histórica |
| 260 | |a San José, Costa Rica: |b Editorial de la Universidad de Costa Rica, | ||
| 310 | |a trimestral | ||
| 650 | 4 | |a PSICOLOGIA | |
| 650 | 4 | |a COSTA RICA | |
| 650 | 4 | |a HISTORIA | |
| 773 | 0 | |t Revista de Ciencias Sociales | |
| 773 | 0 | |g 47 | |
| 773 | 0 | |g 1990 | |
| 773 | 0 | |g 81-92 páginas | |
| 999 | |c 927 |d 927 | ||
